|
|
|
|
| LEADER |
00000nam0a2200000 4500 |
| 001 |
298878 |
| 005 |
20231102001140.0 |
| 035 |
|
|
|a (RuTPU)RU\TPU\book\324029
|
| 090 |
|
|
|a 298878
|
| 100 |
|
|
|a 20150623d1982 km y0rusy50 ca
|
| 101 |
0 |
|
|a rus
|
| 102 |
|
|
|a RU
|
| 105 |
|
|
|a y z 001zy
|
| 200 |
1 |
|
|a Избранные педагогические сочинения
|
| 210 |
|
|
|a Москва
|c Педагогика
|d 1982
|
| 215 |
|
|
|a 288 с.
|
| 225 |
1 |
|
|a Педагогическая библиотека
|
| 320 |
|
|
|a Библиогр.: с. 283-284
|
| 320 |
|
|
|a Указатель имен: с. 280-282
|
| 606 |
1 |
|
|a Педагогика
|x История
|y СССР
|y Россия
|2 stltpush
|3 (RuTPU)RU\TPU\subj\48424
|9 67294
|
| 610 |
1 |
|
|a педагогическая мысль
|
| 610 |
1 |
|
|a народное образование
|
| 610 |
1 |
|
|a обучение
|
| 610 |
1 |
|
|a воспитание
|
| 610 |
1 |
|
|a Россия
|
| 610 |
1 |
|
|a 19 век
|
| 686 |
|
|
|a Ч33(2)
|v LBC/SL-A
|2 rubbk
|
| 700 |
|
1 |
|a Белинский
|b В. Г.
|g Виссарион Григорьевич
|
| 702 |
|
1 |
|a Плеханов
|b А. В.
|g Александр Васильевич
|4 340
|
| 702 |
|
1 |
|a Смирнов
|b А. Ф.
|4 340
|
| 801 |
|
1 |
|a RU
|b 63413507
|c 20150623
|
| 801 |
|
2 |
|a RU
|b 63413507
|c 20180613
|g RCR
|
| 942 |
|
|
|c BK
|